[Event "31st Klatovy C 2025"]
[Site "Klatovy CZE"]
[Date "2025.07.01"]
[Round "4.17"]
[White "Titera, Libor"]
[Black "Slegl, Milan"]
[Result "1-0"]
[WhiteElo "1844"]
[BlackElo "1639"]
[PlyCount "130"]
[EventDate "2025.06.28"]
[EventType "swiss"]
[EventRounds "9"]
[EventCountry "CZE"]

1. e4 c6 2. d4 d5 3. exd5 cxd5 4. Bd3 Nc6 5. Be3 Nf6 6. Nc3 a6 7. h3 Nb4 8. Nf3 Nxd3+ 9. Qxd3 g6 10. Qd2 Bg7 11. Bh6 O-O 12. Bxg7 Kxg7 13. O-O Ne4 14. Qe3 Nxc3 15. Qxc3 Bf5 16. Qd2 Qc7 17. Rac1 f6 18. Rfe1 Rfe8 19. Re3 Rac8 20. c3 Qd6 21. Qe2 Bd7 22. Re1 e6 23. g4 Bb5 24. Qd2 Re7 25. g5 Rf8 26. gxf6+ Rxf6 27. Ne5 Bd7 28. Rg3 Be8 29. Kh1 Kg8 30. Reg1 Rg7 31. R1g2 Qf8 32. Kg1 Rf4 33. Qe3 Qf5 34. Ng4 Kh8 35. Ne5 Qb1+ 36. Kh2 Re4 37. Qf3 Kg8 38. Qf6 Rxe5 39. Qxe5 Qf5 40. Qxf5 exf5 41. Re3 Kf8 42. f4 Bc6 43. Rge2 Rc7 44. Kg3 Kf7 45. h4 Ba4 46. Re5 Rd7 47. b3 Bb5 48. Rc2 Bd3 49. Rc1 Be4 50. Kf2 h5 51. Ke3 Rc7 52. c4 dxc4 53. Rxc4 Rd7 54. a3 Bd5 55. Rc3 Be4 56. b4 b6 57. a4 Bb7 58. Rc1 Be4 59. Rc8 Bb7 60. Rh8 Kg7 61. Rb8 Kf7 62. Rh8 Kg7 63. Rhe8 Kf7 64. R8e6 b5 65. axb5 axb5 1-0

[Event "31st Klatovy C 2025"]
[Site "Klatovy CZE"]
[Date "2025.07.01"]
[Round "4.18"]
[White "Cecil, Pavel"]
[Black "Halla, Jiri"]
[Result "1/2-1/2"]
[WhiteElo "1820"]
[BlackElo "1843"]
[PlyCount "35"]
[EventDate "2025.06.28"]
[EventType "swiss"]
[EventRounds "9"]
[EventCountry "CZE"]

1. Nf3 g6 2. g3 Bg7 3. Bg2 Nf6 4. d3 d5 5. O-O O-O 6. Nbd2 Re8 7. e4 dxe4 8. Nxe4 Bg4 9. h3 Bf5 10. Qe2 Qc8 11. Kh2 Nc6 12. c3 e5 13. Bg5 Nxe4 14. dxe4 Be6 15. b3 f6 16. Be3 Rd8 17. Rfd1 a6 18. Ne1 1/2-1/2

[Event "31st Klatovy C 2025"]
[Site "Klatovy CZE"]
[Date "2025.07.01"]
[Round "4.19"]
[White "Navratilova, Alena"]
[Black "Fiser, Jiri 1942"]
[Result "1/2-1/2"]
[WhiteElo "1755"]
[BlackElo "1821"]
[PlyCount "91"]
[EventDate "2025.06.28"]
[EventType "swiss"]
[EventRounds "9"]
[EventCountry "CZE"]

1. Nf3 f5 2. d4 Nf6 3. g3 g6 4. Bg2 Bg7 5. O-O O-O 6. c3 c6 7. Bf4 d5 8. Qc1 Re8 9. Ne5 Nbd7 10. Nxd7 Bxd7 11. Be5 Ne4 12. Bxg7 Kxg7 13. Nd2 Nxd2 14. Qxd2 e6 15. f4 h6 16. h4 a5 17. e3 g5 18. hxg5 hxg5 19. Kf2 Rh8 20. Rh1 Qe7 21. Rag1 b6 22. Qd1 g4 23. Rxh8 Rxh8 24. Rh1 Rxh1 25. Qxh1 c5 26. Qd1 Bb5 27. a3 Qd7 28. Bf1 Kf8 29. Bxb5 Qxb5 30. Qd2 Ke7 31. Qc2 Kd6 32. a4 Qc4 33. b3 Qa6 34. c4 Qb7 35. Kg1 dxc4 36. dxc5+ bxc5 37. bxc4 Qf3 38. Qd2+ Ke7 39. Kh2 Qa8 40. Qb2 Qe8 41. Qg7+ Kd6 42. Qe5+ Kc6 43. Qb2 Qh5+ 44. Kg1 Qh3 45. Qg2+ Qxg2+ 46. Kxg2 1/2-1/2

[Event "31st Klatovy C 2025"]
[Site "Klatovy CZE"]
[Date "2025.07.01"]
[Round "4.20"]
[White "Macoun, Jiri"]
[Black "Novy, Jaroslav"]
[Result "1/2-1/2"]
[WhiteElo "1747"]
[BlackElo "1744"]
[PlyCount "72"]
[EventDate "2025.06.28"]
[EventType "swiss"]
[EventRounds "9"]
[EventCountry "CZE"]

1. e4 e6 2. d4 d5 3. Nd2 c5 4. c3 Nf6 5. Bd3 Qb6 6. Ngf3 cxd4 7. cxd4 dxe4 8. Nxe4 Nd5 9. O-O h6 10. Ne5 Nd7 11. Nf3 N7f6 12. Nxf6+ Nxf6 13. b3 Bd7 14. Re1 Bd6 15. Be3 Nd5 16. Bc4 Nxe3 17. fxe3 O-O 18. Qe2 Bc6 19. e4 Rfe8 20. Kh1 Rad8 21. Rad1 a6 22. Rf1 Qa5 23. Qf2 Rf8 24. Rd2 b5 25. Bd3 Bb7 26. Qe3 Rc8 27. Rdf2 Rc3 28. Nd2 Qc7 29. e5 Be7 30. Nb1 Bg5 31. Qe2 Rc1 32. Nd2 Rxf1+ 33. Rxf1 Rc8 34. h3 Qc3 35. Nf3 Bxf3 36. Qxf3 Qc7 1/2-1/2

[Event "31st Klatovy C 2025"]
[Site "Klatovy CZE"]
[Date "2025.07.01"]
[Round "4.21"]
[White "Truksa, Vaclav"]
[Black "Dobsinsky, Petr"]
[Result "1-0"]
[WhiteElo "1742"]
[BlackElo "1460"]
[PlyCount "31"]
[EventDate "2025.06.28"]
[EventType "swiss"]
[EventRounds "9"]
[EventCountry "CZE"]

1. d4 Nf6 2. Nf3 e6 3. c4 Bb4+ 4. Bd2 Be7 5. Nc3 c5 6. e3 Qb6 7. b3 O-O 8. Bd3 Nc6 9. Rc1 d5 10. dxc5 Bxc5 11. Na4 Qc7 12. Nxc5 dxc4 13. Rxc4 Qd6 14. Bc3 b6 15. Bxh7+ Nxh7 16. Qxd6 1-0

[Event "31st Klatovy C 2025"]
[Site "Klatovy CZE"]
[Date "2025.07.01"]
[Round "4.22"]
[White "Hanzlik, Jiri"]
[Black "Stanke, Vilem"]
[Result "1-0"]
[WhiteElo "1688"]
[BlackElo "1540"]
[PlyCount "36"]
[EventDate "2025.06.28"]
[EventType "swiss"]
[EventRounds "9"]
[EventCountry "CZE"]

1. c4 Nf6 2. Nc3 g6 3. e4 d6 4. d4 Bg7 5. Be3 O-O 6. Be2 Nbd7 7. Nf3 Ng4 8. Bd2 e5 9. d5 b6 10. Ng5 Ngf6 11. b4 Bb7 12. b5 Nc5 13. Be3 Bh6 14. f3 Nfxe4 15. Nxf7 Rxf7 16. Bxh6 Nxc3 17. Qd2 Nxe2 18. Qxe2 Qh4+ 1-0

[Event "31st Klatovy C 2025"]
[Site "Klatovy CZE"]
[Date "2025.07.01"]
[Round "4.23"]
[White "Tomecek, Marian"]
[Black "Zimmermann, Ladislav"]
[Result "1-0"]
[WhiteElo "1566"]
[BlackElo "1517"]
[PlyCount "53"]
[EventDate "2025.06.28"]
[EventType "swiss"]
[EventRounds "9"]
[EventCountry "CZE"]

1. e4 e5 2. Bc4 Nf6 3. Nc3 Bb4 4. Nd5 Nc6 5. Nxf6+ Qxf6 6. Nf3 O-O 7. O-O Bc5 8. c3 Na5 9. Be2 Be7 10. d4 d6 11. d5 b6 12. Bg5 Qg6 13. Bxe7 Re8 14. Bg5 h6 15. Be3 Bg4 16. b4 Nb7 17. Bb5 Re7 18. Be2 Bxf3 19. Bxf3 a5 20. a3 Rc8 21. Bg4 Rf8 22. Bf5 Qf6 23. Qd2 g5 24. Rab1 Ra8 25. c4 Nd8 26. c5 dxc5 27. bxc5 1-0

[Event "31st Klatovy C 2025"]
[Site "Klatovy CZE"]
[Date "2025.07.02"]
[Round "5.1"]
[White "Turner, Radek"]
[Black "Kopta, Pavel"]
[Result "1/2-1/2"]
[WhiteElo "2031"]
[BlackElo "2199"]
[PlyCount "32"]
[EventDate "2025.06.28"]
[EventType "swiss"]
[EventRounds "9"]
[EventCountry "CZE"]

1. c4 {[%emt 0:00:06]} e5 {[%emt 0:00:26]} 2. g3 {[%emt 0:00:10]} d6 {[%emt 0:00:33]} 3. Bg2 {[%emt 0:00:11]} Nf6 {[%emt 0:00:20]} 4. Nc3 {[%emt 0:00:28]} g6 {[%emt 0:00:25]} 5. e3 {[%emt 0:00:10]} Bg7 {[%emt 0:00:20]} 6. Nge2 {[%emt 0:00:10]} O-O {[%emt 0:00:39]} 7. O-O {[%emt 0:00:13]} c6 {[%emt 0:02:11]} 8. d4 {[%emt 0:00:53]} exd4 {[%emt 0:12:11]} 9. Nxd4 {[%emt 0:00:29]} a5 {[%emt 0:01:37]} 10. b3 {[%emt 0:07:03]} Na6 {[%emt 0:03:25]} 11. Bb2 {[%emt 0:01:08]} Nc5 {[%emt 0:01:19]} 12. Qc2 {[%emt 0:01:38]} a4 {[%emt 0:07:56]} 13. Rab1 {[%emt 0:15:56]} axb3 {[%emt 0:07:01]} 14. axb3 {[%emt 0:08:35]} Ne6 {[%emt 0:01:30]} 15. Nxe6 {[%emt 0:07:14]} Bxe6 {[%emt 0:00:12]} 16. Ra1 {[%emt 0:02:19]} Qe7 {[%emt 0:06:59]} 1/2-1/2

[Event "31st Klatovy C 2025"]
[Site "Klatovy CZE"]
[Date "2025.07.02"]
[Round "5.2"]
[White "Cakl, Zdenek"]
[Black "Zidu, Jan"]
[Result "1/2-1/2"]
[WhiteElo "2155"]
[BlackElo "1922"]
[PlyCount "26"]
[EventDate "2025.06.28"]
[EventType "swiss"]
[EventRounds "9"]
[EventCountry "CZE"]

1. Nf3 {[%emt 0:00:03]} Nf6 {[%emt 0:00:17]} 2. b3 {[%emt 0:00:05]} c5 {[%emt 0:00:18]} 3. Bb2 {[%emt 0:00:18]} Nc6 {[%emt 0:00:06]} 4. e3 {[%emt 0:01:14]} g6 {[%emt 0:00:08]} 5. c4 {[%emt 0:03:50]} Bg7 {[%emt 0:01:55]} 6. g3 {[%emt 0:02:01]} O-O {[%emt 0:03:12]} 7. Bg2 {[%emt 0:02:30]} d5 {[%emt 0:07:58]} 8. O-O {[%emt 0:05:11]} dxc4 {[%emt 0:08:58]} 9. bxc4 {[%emt 0:02:25]} Qd3 {[%emt 0:17:46]} 10. Qc1 {[%emt 0:07:54]} Be6 {[%emt 0:02:46]} 11. Na3 {[%emt 0:01:17]} Rfd8 {[%emt 0:01:52]} 12. Rd1 {[%emt 0:04:35]} Rac8 {[%emt 0:04:25]} 13. Ne1 {[%emt 0:13:09]} Qd7 {[%emt 0:02:27]} 1/2-1/2

[Event "31st Klatovy C 2025"]
[Site "Klatovy CZE"]
[Date "2025.07.02"]
[Round "5.3"]
[White "Korsa, Jindrich"]
[Black "Pavlicek, Petr"]
[Result "1/2-1/2"]
[WhiteElo "2021"]
[BlackElo "1879"]
[PlyCount "61"]
[EventDate "2025.06.28"]
[EventType "swiss"]
[EventRounds "9"]
[EventCountry "CZE"]

1. e4 {[%emt 0:00:03]} e6 {[%emt 0:00:10]} 2. d4 {[%emt 0:00:33]} d5 {[%emt 0:00:10]} 3. exd5 {[%emt 0:00:19]} exd5 {[%emt 0:00:10]} 4. Nf3 {[%emt 0:00:09]} Bd6 {[%emt 0:00:18]} 5. Bd3 {[%emt 0:00:53]} Ne7 {[%emt 0:00:32]} 6. O-O {[%emt 0:00:34]} O-O {[%emt 0:00:21]} 7. Nc3 {[%emt 0:01:47]} Bf5 {[%emt 0:04:18]} 8. Re1 {[%emt 0:07:26]} Nbc6 {[%emt 0:01:20]} 9. Bg5 {[%emt 0:05:24]} f6 {[%emt 0:00:27]} 10. Be3 {[%emt 0:00:28]} Bxd3 {[%emt 0:01:57]} 11. Qxd3 {[%emt 0:00:11]} Qd7 {[%emt 0:01:10]} 12. a3 {[%emt 0:03:33]} a6 {[%emt 0:00:41]} 13. b3 {[%emt 0:01:36]} Rfe8 {[%emt 0:02:47]} 14. h3 {[%emt 0:11:05]} Nd8 {[%emt 0:02:05]} 15. Ne2 {[%emt 0:05:06]} Qf5 {[%emt 0:03:09]} 16. Qxf5 {[%emt 0:04:01]} Nxf5 {[%emt 0:00:10]} 17. Bd2 {[%emt 0:00:33]} g5 {[%emt 0:04:16]} 18. c4 {[%emt 0:05:41]} c6 {[%emt 0:01:13]} 19. Ba5 {[%emt 0:06:09]} Rc8 {[%emt 0:04:19]} 20. g4 {[%emt 0:05:32]} Ne7 {[%emt 0:00:29]} 21. Nc3 {[%emt 0:00:56]} Kf7 {[%emt 0:00:56]} 22. Na4 {[%emt 0:00:50]} Bc7 {[%emt 0:05:46]} 23. Bxc7 {[%emt 0:02:20]} Rxc7 {[%emt 0:00:08]} 24. Nc5 {[%emt 0:00:30]} Ng6 {[%emt 0:01:43]} 25. Re3 {[%emt 0:06:20]} Rce7 {[%emt 0:02:43]} 26. Rae1 {[%emt 0:01:00]} Nf4 {[%emt 0:00:45]} 27. h4 {[%emt 0:03:57]} h6 {[%emt 0:00:26]} 28. hxg5 {[%emt 0:01:08]} hxg5 {[%emt 0:00:10]} 29. Kf1 {[%emt 0:01:43]} Nde6 {[%emt 0:01:41]} 30. cxd5 {[%emt 0:04:39]} Nxd5 {[%emt 0:00:59]} 31. Rxe6 {[%emt 0:01:36]} 1/2-1/2

[Event "31st Klatovy C 2025"]
[Site "Klatovy CZE"]
[Date "2025.07.02"]
[Round "5.4"]
[White "Navratil, Jiri"]
[Black "Andersen, Jorgen M"]
[Result "0-1"]
[WhiteElo "1913"]
[BlackElo "1928"]
[PlyCount "54"]
[EventDate "2025.06.28"]
[EventType "swiss"]
[EventRounds "9"]
[EventCountry "CZE"]

1. d4 {[%emt 0:00:13]} d5 {[%emt 0:00:06]} 2. Nf3 {[%emt 0:00:04]} Nf6 {[%emt 0:00:09]} 3. Bf4 {[%emt 0:00:08]} c6 {[%emt 0:00:35]} 4. e3 {[%emt 0:00:12]} g6 {[%emt 0:03:01]} 5. c3 {[%emt 0:00:10]} Bg7 {[%emt 0:00:06]} 6. h3 {[%emt 0:00:32]} O-O {[%emt 0:00:27]} 7. Bd3 {[%emt 0:00:07]} Nbd7 {[%emt 0:04:31]} 8. Nbd2 {[%emt 0:00:18]} Re8 {[%emt 0:05:51]} 9. Ne5 {[%emt 0:00:15]} Nxe5 {[%emt 0:04:33]} 10. Bxe5 {[%emt 0:00:27]} Nd7 {[%emt 0:02:45]} 11. Bxg7 {[%emt 0:00:33]} Kxg7 {[%emt 0:00:08]} 12. f4 {[%emt 0:00:29]} c5 {[%emt 0:18:38]} 13. Qf3 {[%emt 0:05:47]} cxd4 {[%emt 0:01:28]} 14. exd4 {[%emt 0:00:10]} Nf6 {[%emt 0:01:11]} 15. O-O-O {[%emt 0:01:45]} Bd7 {[%emt 0:05:04]} 16. Rde1 {[%emt 0:11:19]} e6 {[%emt 0:03:43]} 17. g4 {[%emt 0:00:13]} Rc8 {[%emt 0:02:07]} 18. Kb1 {[%emt 0:00:48]} Qb6 {[%emt 0:00:39]} 19. f5 {[%emt 0:00:46]} exf5 {[%emt 0:01:39]} 20. gxf5 {[%emt 0:00:11]} Rxc3 {[%emt 0:00:15]} 21. Rxe8 {[%emt 0:04:02]} Rxd3 {[%emt 0:01:03]} 22. Qxd3 {[%emt 0:01:35]} Bxf5 {[%emt 0:00:27]} 23. Qxf5 {[%emt 0:00:07]} gxf5 {[%emt 0:00:06]} 24. Rg1+ {[%emt 0:01:53]} Kh6 {[%emt 0:00:08]} 25. Ree1 {[%emt 0:00:31]} Qxd4 {[%emt 0:00:40]} 26. Kc1 {[%emt 0:02:19]} Ne4 {[%emt 0:03:06]} 27. Nf3 {[%emt 0:00:48]} Qc4+ {[%emt 0:00:09]} 0-1

[Event "31st Klatovy C 2025"]
[Site "Klatovy CZE"]
[Date "2025.07.02"]
[Round "5.5"]
[White "Pribyl, Rene"]
[Black "Hlavac, Rudolf"]
[Result "1/2-1/2"]
[WhiteElo "1905"]
[BlackElo "1923"]
[PlyCount "54"]
[EventDate "2025.06.28"]
[EventType "swiss"]
[EventRounds "9"]
[EventCountry "CZE"]

1. d4 {[%emt 0:00:11]} Nf6 {[%emt 0:00:21]} 2. c4 {[%emt 0:00:02]} g6 {[%emt 0:00:21]} 3. Nc3 {[%emt 0:00:02]} d5 {[%emt 0:00:17]} 4. Bf4 {[%emt 0:01:45]} Bg7 {[%emt 0:00:55]} 5. e3 {[%emt 0:00:16]} O-O {[%emt 0:00:35]} 6. Nf3 {[%emt 0:00:43]} c5 {[%emt 0:02:22]} 7. cxd5 {[%emt 0:17:03]} cxd4 {[%emt 0:04:44]} 8. Qxd4 {[%emt 0:03:15]} Nxd5 {[%emt 0:01:07]} 9. Be5 {[%emt 0:00:18]} Nf6 {[%emt 0:06:42]} 10. Nb5 {[%emt 0:22:28]} Nc6 {[%emt 0:10:20]} 11. Qxd8 {[%emt 0:00:21]} Rxd8 {[%emt 0:00:09]} 12. Bc3 {[%emt 0:00:59]} a6 {[%emt 0:08:00]} 13. Nbd4 {[%emt 0:01:26]} Ne4 {[%emt 0:00:56]} 14. Nxc6 {[%emt 0:08:00]} Bxc3+ {[%emt 0:03:59]} 15. bxc3 {[%emt 0:00:01]} bxc6 {[%emt 0:00:31]} 16. Rc1 {[%emt 0:01:42]} Rb8 {[%emt 0:03:46]} 17. Nd4 {[%emt 0:03:30]} Rd6 {[%emt 0:12:13]} 18. f3 {[%emt 0:00:41]} Nc5 {[%emt 0:00:57]} 19. Bc4 {[%emt 0:03:33]} Rb2 {[%emt 0:03:00]} 20. O-O {[%emt 0:04:25]} e5 {[%emt 0:01:48]} 21. Rc2 {[%emt 0:00:25]} Rxc2 {[%emt 0:00:23]} 22. Nxc2 {[%emt 0:00:02]} Be6 {[%emt 0:04:54]} 23. Bxe6 {[%emt 0:03:07]} Nxe6 {[%emt 0:03:11]} 24. e4 {[%emt 0:01:29]} a5 {[%emt 0:00:33]} 25. Na3 {[%emt 0:00:54]} Rd2 {[%emt 0:05:55]} 26. Rf2 {[%emt 0:03:02]} Rd1+ {[%emt 0:07:33]} 27. Rf1 {[%emt 0:00:02]} Rd2 {[%emt 0:00:54]} 1/2-1/2

[Event "31st Klatovy C 2025"]
[Site "Klatovy CZE"]
[Date "2025.07.02"]
[Round "5.6"]
[White "Sedlak, Ludek"]
[Black "Danek, Vaclav"]
[Result "0-1"]
[WhiteElo "1937"]
[BlackElo "1904"]
[PlyCount "57"]
[EventDate "2025.06.28"]
[EventType "swiss"]
[EventRounds "9"]
[EventCountry "CZE"]

1. d4 {[%emt 0:02:59]} c5 {[%emt 0:00:12]} 2. e4 {[%emt 0:00:35]} cxd4 {[%emt 0:00:21]} 3. c3 {[%emt 0:00:35]} d3 {[%emt 0:00:11]} 4. c4 {[%emt 0:00:23]} d6 {[%emt 0:01:06]} 5. Nc3 {[%emt 0:00:37]} Nf6 {[%emt 0:00:15]} 6. Bxd3 {[%emt 0:00:53]} g6 {[%emt 0:00:11]} 7. Be3 {[%emt 0:06:09]} Bg7 {[%emt 0:00:12]} 8. Qd2 {[%emt 0:01:51]} Ng4 {[%emt 0:01:47]} 9. Bf4 {[%emt 0:01:17]} Nc6 {[%emt 0:00:49]} 10. f3 {[%emt 0:03:43]} Nge5 {[%emt 0:01:03]} 11. Be2 {[%emt 0:01:10]} Be6 {[%emt 0:01:39]} 12. b3 {[%emt 0:01:47]} h6 {[%emt 0:01:03]} 13. Be3 {[%emt 0:07:56]} g5 {[%emt 0:00:29]} 14. h4 {[%emt 0:01:55]} f6 {[%emt 0:00:40]} 15. g4 {[%emt 0:24:20]} Qd7 {[%emt 0:03:14]} 16. Rc1 {[%emt 0:06:09]} Bf7 {[%emt 0:01:06]} 17. h5 {[%emt 0:00:36]} Bg8 {[%emt 0:01:56]} 18. Nb5 {[%emt 0:03:01]} a6 {[%emt 0:01:29]} 19. Nd4 {[%emt 0:00:14]} e6 {[%emt 0:01:44]} 20. Kf2 {[%emt 0:01:25]} Bh7 {[%emt 0:01:31]} 21. Bd3 {[%emt 0:08:47]} Nxd3+ {[%emt 0:01:39]} 22. Qxd3 {[%emt 0:00:14]} Ne5 {[%emt 0:00:10]} 23. Qb1 {[%emt 0:02:40]} O-O {[%emt 0:00:51]} 24. Nge2 {[%emt 0:00:17]} f5 {[%emt 0:01:40]} 25. Nxe6 {[%emt 0:12:29]} fxe4 {[%emt 0:00:21]} 26. Nxf8 {[%emt 0:01:00]} Rxf8 {[%emt 0:00:02]} 27. f4 {[%emt 0:04:35]} Qxg4 {[%emt 0:02:48]} 28. Rhg1 {[%emt 0:01:12]} Qf3+ {[%emt 0:00:54]} 29. Ke1 {[%emt 0:00:19]} 0-1

[Event "31st Klatovy C 2025"]
[Site "Klatovy CZE"]
[Date "2025.07.02"]
[Round "5.7"]
[White "Sabol, Marian"]
[Black "Zednik, Zdenek"]
[Result "1-0"]
[WhiteElo "2197"]
[BlackElo "1877"]
[PlyCount "71"]
[EventDate "2025.06.28"]
[EventType "swiss"]
[EventRounds "9"]
[EventCountry "CZE"]

1. d4 {[%emt 0:00:51]} Nf6 {[%emt 0:00:41]} 2. Nf3 {[%emt 0:00:07]} d6 {[%emt 0:00:35]} 3. Nc3 {[%emt 0:00:52]} Nbd7 {[%emt 0:01:32]} 4. e4 {[%emt 0:00:09]} e5 {[%emt 0:00:11]} 5. Bc4 {[%emt 0:00:51]} Be7 {[%emt 0:00:56]} 6. h3 {[%emt 0:02:40]} O-O {[%emt 0:14:12]} 7. g4 {[%emt 0:01:39]} c6 {[%emt 0:04:53]} 8. a4 {[%emt 0:01:21]} Nxe4 {[%emt 0:02:13]} 9. Nxe4 {[%emt 0:05:36]} d5 {[%emt 0:03:48]} 10. Nxe5 {[%emt 0:00:41]} Nxe5 {[%emt 0:02:20]} 11. dxe5 {[%emt 0:00:11]} dxe4 {[%emt 0:01:12]} 12. Qxd8 {[%emt 0:04:20]} Bxd8 {[%emt 0:01:35]} 13. Bd2 {[%emt 0:00:08]} Bc7 {[%emt 0:01:29]} 14. Bc3 {[%emt 0:00:13]} Re8 {[%emt 0:00:09]} 15. O-O-O {[%emt 0:00:46]} h5 {[%emt 0:04:54]} 16. gxh5 {[%emt 0:02:44]} Bf5 {[%emt 0:01:23]} 17. e6 {[%emt 0:07:09]} Bxe6 {[%emt 0:12:05]} 18. Bxe6 {[%emt 0:00:32]} Rxe6 {[%emt 0:00:10]} 19. Rd7 {[%emt 0:00:12]} Bf4+ {[%emt 0:00:27]} 20. Kb1 {[%emt 0:01:35]} b6 {[%emt 0:00:36]} 21. Rg1 {[%emt 0:07:42]} Bh6 {[%emt 0:02:17]} 22. b4 {[%emt 0:03:09]} Kf8 {[%emt 0:00:36]} 23. a5 {[%emt 0:00:58]} bxa5 {[%emt 0:02:01]} 24. bxa5 {[%emt 0:00:08]} e3 {[%emt 0:02:27]} 25. fxe3 {[%emt 0:01:40]} Rxe3 {[%emt 0:00:09]} 26. Bb4+ {[%emt 0:07:37]} Ke8 {[%emt 0:02:28]} 27. Rb7 {[%emt 0:00:13]} Rd8 {[%emt 0:07:37]} 28. Rf1 {[%emt 0:08:54]} f6 {[%emt 0:10:18]} 29. Rf5 {[%emt 0:05:01]} Rd7 {[%emt 0:04:22]} 30. a6 {[%emt 0:01:53]} Re4 {[%emt 0:03:36]} 31. Bc3 {[%emt 0:14:04]} Ra4 {[%emt 0:06:51]} 32. Ra5 {[%emt 0:00:32]} Rxa5 {[%emt 0:06:21]} 33. Bxa5 {[%emt 0:00:02]} Rxb7+ {[%emt 0:06:07]} 34. axb7 {[%emt 0:00:05]} Bf4 {[%emt 0:00:07]} 35. Bc3 {[%emt 0:00:10]} Kd7 {[%emt 0:00:18]} 36. Bxf6 {[%emt 0:00:22]} 1-0

[Event "31st Klatovy C 2025"]
[Site "Klatovy CZE"]
[Date "2025.07.02"]
[Round "5.8"]
[White "Novotny, Jaromir"]
[Black "Ondrejat, Miroslav"]
[Result "0-1"]
[WhiteElo "1765"]
[BlackElo "2012"]
[PlyCount "102"]
[EventDate "2025.06.28"]
[EventType "swiss"]
[EventRounds "9"]
[EventCountry "CZE"]

1. e4 {[%emt 0:00:06]} c5 {[%emt 0:00:04]} 2. a3 {[%emt 0:01:13]} g6 {[%emt 0:02:06]} 3. d4 {[%emt 0:01:04]} cxd4 {[%emt 0:00:12]} 4. Qxd4 {[%emt 0:00:02]} Nf6 {[%emt 0:00:31]} 5. Nf3 {[%emt 0:04:10]} Nc6 {[%emt 0:01:01]} 6. Qd3 {[%emt 0:01:39]} Bg7 {[%emt 0:03:00]} 7. Bd2 {[%emt 0:00:31]} O-O {[%emt 0:00:40]} 8. Bc3 {[%emt 0:00:13]} d6 {[%emt 0:02:25]} 9. Be2 {[%emt 0:00:10]} b6 {[%emt 0:07:20]} 10. O-O {[%emt 0:04:55]} Bb7 {[%emt 0:03:40]} 11. Nbd2 {[%emt 0:08:27]} Qc7 {[%emt 0:02:54]} 12. h3 {[%emt 0:00:23]} Rfd8 {[%emt 0:05:53]} 13. Qe3 {[%emt 0:02:46]} e5 {[%emt 0:12:10]} 14. Nb3 {[%emt 0:20:32]} d5 {[%emt 0:01:22]} 15. Bd2 {[%emt 0:00:48]} Nxe4 {[%emt 0:01:44]} 16. c3 {[%emt 0:02:55]} Ne7 {[%emt 0:06:33]} 17. Bd1 {[%emt 0:02:37]} Nf5 {[%emt 0:01:55]} 18. Qe1 {[%emt 0:00:11]} Ba6 {[%emt 0:11:35]} 19. Be2 {[%emt 0:00:59]} Bxe2 {[%emt 0:00:43]} 20. Qxe2 {[%emt 0:00:16]} Qc4 {[%emt 0:00:14]} 21. Nc1 {[%emt 0:01:01]} Qxe2 {[%emt 0:04:33]} 22. Nxe2 {[%emt 0:00:23]} Rac8 {[%emt 0:01:44]} 23. Rfd1 {[%emt 0:00:54]} Nc5 {[%emt 0:03:45]} 24. Be1 {[%emt 0:02:34]} Nb3 {[%emt 0:01:03]} 25. Rab1 {[%emt 0:00:05]} b5 {[%emt 0:09:05]} 26. Nd2 {[%emt 0:04:56]} Nc5 {[%emt 0:00:46]} 27. g4 {[%emt 0:02:37]} Ne7 {[%emt 0:02:07]} 28. f4 {[%emt 0:00:50]} e4 {[%emt 0:01:08]} 29. Bh4 {[%emt 0:01:20]} Rd7 {[%emt 0:01:50]} 30. Bf2 {[%emt 0:03:42]} Nd3 {[%emt 0:00:51]} 31. Bd4 {[%emt 0:00:31]} Bxd4+ {[%emt 0:05:53]} 32. Nxd4 {[%emt 0:00:02]} Nxf4 {[%emt 0:00:21]} 33. Nxb5 {[%emt 0:00:11]} Nxh3+ {[%emt 0:00:15]} 34. Kh2 {[%emt 0:00:27]} Ng5 {[%emt 0:00:06]} 35. Nd4 {[%emt 0:02:44]} Kg7 {[%emt 0:03:59]} 36. Rbc1 {[%emt 0:01:58]} h5 {[%emt 0:00:36]} 37. gxh5 {[%emt 0:01:09]} Rh8 {[%emt 0:00:09]} 38. c4 {[%emt 0:01:48]} Rxh5+ {[%emt 0:01:10]} 39. Kg2 {[%emt 0:00:14]} dxc4 {[%emt 0:06:28]} 40. Nxc4 {[%emt 0:00:42]} Rb7 {[%emt 0:01:49]} 41. b4 {[%emt 0:00:42]} Rb8 {[%emt 0:00:52]} 42. Rh1 {[%emt 0:00:37]} Rxh1 {[%emt 0:01:02]} 43. Rxh1 {[%emt 0:00:28]} f5 {[%emt 0:00:50]} 44. Kg3 {[%emt 0:02:06]} Rc8 {[%emt 0:01:52]} 45. Ne3 {[%emt 0:00:54]} Kf6 {[%emt 0:00:53]} 46. Rh6 {[%emt 0:00:16]} Rc3 {[%emt 0:00:50]} 47. Kf4 {[%emt 0:00:07]} Nf7 {[%emt 0:02:55]} 48. Ng4+ {[%emt 0:01:23]} fxg4 {[%emt 0:00:34]} 49. Rh7 {[%emt 0:00:03]} g3 {[%emt 0:02:40]} 50. Ne2 {[%emt 0:00:17]} Rf3+ {[%emt 0:00:32]} 51. Kxe4 {[%emt 0:00:06]} Ng5+ {[%emt 0:00:10]} 0-1

[Event "31st Klatovy C 2025"]
[Site "Klatovy CZE"]
[Date "2025.07.02"]
[Round "5.9"]
[White "Burianek, Petr"]
[Black "Pelikan, Jaromir"]
[Result "1/2-1/2"]
[WhiteElo "1901"]
[BlackElo "1876"]
[PlyCount "39"]
[EventDate "2025.06.28"]
[EventType "swiss"]
[EventRounds "9"]
[EventCountry "CZE"]

1. e4 c6 2. d4 d5 3. Nd2 dxe4 4. Nxe4 Nd7 5. Bc4 Ngf6 6. Ng5 e6 7. N1f3 h6 8. Nh3 g5 9. Nhg1 Bg7 10. Ne2 Nb6 11. Bd3 Qc7 12. c3 Bd7 13. Qc2 Nbd5 14. Bd2 c5 15. dxc5 Qxc5 16. a3 Bc6 17. Nfd4 Nb6 18. Nxc6 Qxc6 19. O-O a6 20. c4 1/2-1/2

[Event "31st Klatovy C 2025"]
[Site "Klatovy CZE"]
[Date "2025.07.02"]
[Round "5.10"]
[White "Kaderabek, Jiri"]
[Black "Novak, Vaclav 1968"]
[Result "1-0"]
[WhiteElo "2045"]
[BlackElo "1837"]
[PlyCount "69"]
[EventDate "2025.06.28"]
[EventType "swiss"]
[EventRounds "9"]
[EventCountry "CZE"]

1. Nf3 Nc6 2. c4 g6 3. Nc3 Nf6 4. d4 d5 5. cxd5 Nxd5 6. e4 Nxc3 7. bxc3 Bg7 8. Rb1 Rb8 9. Bc4 O-O 10. O-O Bg4 11. h3 Na5 12. Bxf7+ Rxf7 13. hxg4 Qd7 14. Ng5 Rf6 15. Qe2 a6 16. e5 Rc6 17. Ne4 Qd5 18. Bg5 Re8 19. Rb4 b6 20. Re1 b5 21. a4 Rb6 22. Qf3 Qa2 23. axb5 axb5 24. Reb1 c6 25. Nc5 h6 26. Be3 Nc4 27. Qe4 Nxe3 28. Qxe3 Ra8 29. Qe4 Qf7 30. e6 Qe8 31. Nd7 Rba6 32. c4 Kh7 33. cxb5 cxb5 34. Rxb5 Qc8 35. Nb6 1-0